000
00332nam a2200133Ia 4500
005
20251222143125.0
008
251222s9999||||xx |||||||||||||| ||spa||
020
_a
84-7050-634-X
082
_a
282.2/R27
100
_a
Ratzinger, Joseph
245
0
_a
En el Principio creó Dios:
264
_b
Comunión y Liberación
942
_c
LIB
999
_c
11692
_d
11692